000 00338nam a2200145Ia 4500
005 20240807062148.0
008 240806s9999||||xx |||||||||||||| ||eng||
041 _aeng
100 _aTalvar Veer Bharat
245 0 _aSamana /
_cTalvar Veer Bharat
260 _bVani Prakashan N. Delhi
300 _a339
650 _aHindi
942 _cBK
999 _c10342
_d10342